| 000 | 00390nam a2200145Ia 4500 | ||
|---|---|---|---|
| 005 | 20250423094951.0 | ||
| 008 | 250422s9999 xx 000 0 und d | ||
| 020 | _a0871201291 | ||
| 245 | 0 | _aCurrent thought on curriculum : 1985 ASCD yearbook | |
| 260 | _aAlexandra | ||
| 260 | _bAssociation for Supervision and Curriculum Development | ||
| 260 | _c1985 | ||
| 300 | _a145 p | ||
| 942 | _cBK | ||
| 999 |
_c28837 _d28837 |
||